| 000 | 00744nam a2200229 4500 | ||
|---|---|---|---|
| 005 | 20250821121836.0 | ||
| 010 | _aENG-144190 | ||
| 020 |
_c935.00 _a9789349750708 |
||
| 035 | _aEN-127722 | ||
| 037 | _bDBAD | ||
| 082 |
_a510 _21 |
||
| 100 |
_aGrinstead, Charles M [Author] _984181 |
||
| 245 |
_aProbability tales/ _cCharles M Grinstead; William P Peterson [and] J. Laurie Snell |
||
| 250 | _a1 | ||
| 260 |
_aHyderabad _bUniversities Press (India) Pvt. Ltd. _c2025 |
||
| 270 |
_a3-6-747/A & 3-6-754/1, Himayatnagar _bHyderabad _e500029 |
||
| 300 |
_aix, 237p. _c22cm(pb) |
||
| 490 | _v57 | ||
| 700 |
_aPeterson, William P _eAuthor _984182 |
||
| 700 |
_a Snell, J. Laurie _eAuthor _984183 |
||
| 942 |
_2ddc _cEN _h510 _mGRI |
||
| 999 |
_c213073 _d213073 |
||